LEADER 01519nam a2200325 u 4500 001 000000049239 003 CaOOAMICUS 005 20070226115104.0 008 000622s1999 it u000 u ita u 020 $a8870883035 035 $a10850710 040 $aPUL$bita$dAAR 041 0 $aita$aeng$afre 245 03$aLa Repubblica di Platone nella tradizione antica /$ca cura di Mario Vegetti e Michele Abbate. 260 $aNapoli :$bBibliopolis,$cc1999. 300 $a255 p. ;$c22 cm 490 1 $aSaggi Bibliopolis ;$v60 500 $a"Questo volume raccoglie ... le relazioni presentate a due convegni tenutisi presso il Dipartimento di Filosofia dell'Università di Pavia rispettivamente nel gennaio del 1997 e nell'aprile del 1998..."--pref. 504 $aBibliografia in nota. 600 04$aPlato,$d427-347 a.C.$tRespublica$9(Plato, 427-347 a.C.).$0(OLS)http://pul/subject/20749 700 1 $aAbbate, Michele,$d1922-$0(OLS)http://pul/name/22805 700 1 $aVegetti, Mario,$d1937-$0(OLS)http://pul/name/35258 830 0$aSaggi Bibliopolis ;$v60.$0(OLS)http://pul/title/3577 850 $aPUL 852 $aPUL$W1$xSL Filosofia 1$y2$m81 D 80$j65456$nBK-PRI$b $qStampati$B65456$CPULBib$Z2$F65456 $H $81 941 1 $a8 961 $aINV: 82333 996 $6020$a8870883035$9(OLS)http://pul/number/62153 996 $6245$aLa Repubblica di Platone nella tradizione antica$9(OLS)http://pul/title/66387 996 $6260$aNapoli :$bBibliopolis$9(OLS)http://pul/publisher/49069 LEADER 01788nam a2200361 a 4500 001 000000010243 003 CaOOAMICUS 005 20100525122501.0 008 941103s1982 be u000 u lat r 035 $a10254294 040 $aPUL(R)$bita$delep 041 0 $alat$afre 100 1 $aRaimundus Lullus,$cbeato,$d1233/35-1315.$0(OLS)http://pul/name/3716 245 10$aRaimundi Lulli opera latina.$n114-117, 119 :$bin monte Pessulano anno MCCCV composita /$cedidit Louis Sala-Molins. 260 $aTurnholti :$bBrepols,$c1982. 490 1 $aRaimundi Lulli opera latina ;$v10 490 1 $aCorpus Christianorum.$aContinuatio Mediaevalis ;$v36 500 $aContiene indici. 504 $aBibliografia: p. [xxiv]-xxvii. 546 $aTesto in latino, introduzione in francese. 700 1 $aSala-Molins, Louis.$0(OLS)http://pul/name/10109 776 1 $aRaimundus Lullus, beato, 1233/35-1315.$tOpera Latina 114-117.$dTurnhout : Brepols, 1982.$kCorpus Christianorum. Instrumnta Lexiicologica Latina. Series A$w()123655 830 0$aCorpus Christianorum.$pContinuatio Mediaevalis ;$v36.$0(OLS)http://pul/title/6 830 0$aRaimundi Lulli opera latina ;$v10.$0(OLS)http://pul/title/14969 850 $aPUL 852 $aPUL$W1$xSL Cons. Gen., Altre Classi 1$y1$m2008 B 1.36$j139995$nBK-PRI$qStampati$B14577$CPULBib$Z2$F14577 $H50200 $82 900 $aLull, Ramòn,$d1235-1315$93716 900 $aRaymundus Lullus,$d1235-1315$93716 900 $aRaimondo Lullo,$d1235-1315$93716 900 $aLullo, Raimondo,$d1235-1315$93716 941 1 $a8 996 $6245$aRaimundi Lulli opera latina.$n114-117, 119 :$bin monte Pessulano anno MCCCV composita$9(OLS)http://pul/title/14974 996 $6260$aTurnholti :$bBrepols$9(OLS)http://pul/publisher/47842